000 00637nam a2200229 4500
001 17491
003 BD-RjUL
005 20211209000141.0
008 140217s1971 nyua 001 0 eng
020 _a068412498X
035 _a(BD-RjUL)17549
040 _aDLC
_cDLC
_dBD-RjUL
_beng
041 _aeng
082 0 0 _a811.52
_bWHI 1971
100 1 _aWheelock, John Hall,
_d1886-1978.
_953367
245 1 0 _aIn love and song ;
_bpoems /
_cWood engravings by Stefan Martin.
260 _aNew York :
_bScribner ,
_c1971
300 _axii, 127 p. :
_billus. ;
_c24 cm.
942 _2ddc
_cBK
999 _c17491
_d17491